KOHA-Header-6

Quaid-i-Azam : Hayaat-w-Khidmaat (Record no. 7340)

000 -LEADER
fixed length control field 00286nam a2200109Ia 4500
100 ## - MAIN ENTRY--AUTHOR NAME
Personal name Prof:Shareef ul-Mujahid
245 #0 - TITLE STATEMENT
Title Quaid-i-Azam : Hayaat-w-Khidmaat
260 ## - PUBLICATION, DISTRIBUTION, ETC. (IMPRINT)
Place of publication Karachi
Name of publisher Quaid-e-Azam Academy
Year of publication 1983
300 ## - PHYSICAL DESCRIPTION
Number of Pages 156
942 ## - ADDED ENTRY ELEMENTS (KOHA)
Koha item type Books
Holdings
Withdrawn status Lost status Collection code Permanent Location Current Location Shelving location Date acquired Full call number Accession Number Koha item type
    Jinnah Corner MAJU MAJU   2019-09-12 891.11 1193 Jinnah Corner

Powered by Koha